000 00573nmm a2200169Ia 4500
008 251105s9999||||xx |||||||||||||||||und||
020 _a9789587384451
041 _aspa
100 _aHernández Ucrós, María Mónica
245 0 _aAsociaciones publico privadas : Comentarios especiales a la Ley 1508 de 2012 de la República de Colombia
264 _a[Bogotá, Colombia] :
_bUniversidad del Rosario,
_c2014
300 _a120 páginas
490 _aTextos de Jurisprudencia
650 _aLaw
856 _uhttps://public.digitaliapublishing.com/a/46317
942 _cCF
999 _c95782
_d95782